Manufacturing Processes for Engineering Materials (Record no. 14749)
[ view plain ]
| 000 -LEADER | |
|---|---|
| fixed length control field | 00327nam a22001337a 4500 |
| 020 ## - INTERNATIONAL STANDARD BOOK NUMBER | |
| ISBN | 8178089904 |
| 082 ## - DEWEY DECIMAL CLASSIFICATION NUMBER | |
| Classification number | 670. |
| Item number | KAL./MA |
| 100 ## - MAIN ENTRY--AUTHOR NAME | |
| Personal name | Kalpakjian,Serope |
| 245 ## - TITLE STATEMENT | |
| Title | Manufacturing Processes for Engineering Materials |
| 250 ## - EDITION STATEMENT | |
| Edition statement | 4 th |
| 260 ## - PUBLICATION, DISTRIBUTION, ETC. (IMPRINT) | |
| Place of publication | Delhi |
| Name of publisher | Pearsion Education |
| Year of publication | 2004 |
| 300 ## - PHYSICAL DESCRIPTION | |
| Number of Pages | 954 |
| 942 ## - ADDED ENTRY ELEMENTS (KOHA) | |
| Koha item type | Book Bank scheme for SC students |
| Withdrawn status | Lost status | Damaged status | Collection code | Home library | Current library | Shelving location | Date acquired | Source of acquisition | Cost, normal purchase price | Full call number | Accession Number | Koha item type |
|---|---|---|---|---|---|---|---|---|---|---|---|---|
| KAUAET | KAUAET | Scheme | 29/08/2016 | Cosmo Books, Thrissur. | 399.00 | 670. KAL./MA | BB 31 | Book Bank scheme for SC students | ||||
| KAUAET | KAUAET | Scheme | 29/08/2016 | Cosmo Books, Thrissur. | 399.00 | 670. KAL./MA | BB 32 | Book Bank scheme for SC students |
